01347nam a2200313 a 450000100060000000300080000600500170001400800410003102000150007203500190008704000230010604100080012908200280013710000520016524500990021725000120031626000390032830000360036750002260040350000200062950400300064965000320067970000310071170000570074270000820079994200120088199900170089395201230091059060BD-RjUL20211209080705.0161220s1989 mnua b 001 0 eng  a0314469354 a(BD-RjUL)59184 aDLCcDLCdDLCbeng aeng00a658.4033219bANQ 1989 1 aAnderson, David R.q(David Ray),d1941-917564910aQuantitative methods for business /cDavid R. Anderson, Dennis J. Sweeney, Thomas A. Williams. a4th ed. aSt. Paul :bWest Pub. Co.,cc1989. axviii, 778 p. :bill. ;c27 cm. aAccompanied by software on one 3 1/2 in. computer disk for use with the IBM PS/2 and compatibles and on two 5 1/4 in. computer disks for use with the IBM PC and compatibles entitled: The management scientist. Version 1.1. aIncludes index. aBibliography: p. 746-750. 0aManagement science.91751541 aSweeney, Dennis J.91756501 aWilliams, Thomas A.q(Thomas Arthur),d1944-917565112aAnderson, David R.q(David Ray),d1941-tManagement scientist.f1989.9175652 2ddccBK c59060d59060 00102ddc40718NFICaRUCLbRUCLcReadingd1993-01-10l0o658.4033 ANQ 1989r2016-12-20 00:00:00tC-1w2016-12-20yBK